<?xml version="1.0" encoding="UTF-8"?>
<record
    xmlns:xsi="http://www.w3.org/2001/XMLSchema-instance"
    xsi:schemaLocation="http://www.loc.gov/MARC21/slim http://www.loc.gov/standards/marcxml/schema/MARC21slim.xsd"
    xmlns="http://www.loc.gov/MARC21/slim">

  <leader>01125nam a2200205Ia 4500</leader>
  <controlfield tag="005">20240509171634.0</controlfield>
  <controlfield tag="008">230718s9999    xx            000 0 und d</controlfield>
  <datafield tag="020" ind1=" " ind2=" ">
    <subfield code="a">9781788293594</subfield>
  </datafield>
  <datafield tag="041" ind1=" " ind2=" ">
    <subfield code="a">eng</subfield>
  </datafield>
  <datafield tag="082" ind1=" " ind2=" ">
    <subfield code="a">006.31</subfield>
    <subfield code="b">GUL</subfield>
  </datafield>
  <datafield tag="100" ind1=" " ind2=" ">
    <subfield code="a">Gulli A.</subfield>
    <subfield code="9">201018</subfield>
  </datafield>
  <datafield tag="245" ind1=" " ind2=" ">
    <subfield code="a">TensorFlow 1.x Deep Learning Cookbook</subfield>
    <subfield code="b">Over 90 Unique Recipes To Solve Artificial-Intelligence Driven Problems With Python</subfield>
  </datafield>
  <datafield tag="260" ind1=" " ind2=" ">
    <subfield code="c">2017</subfield>
    <subfield code="b">Packt</subfield>
  </datafield>
  <datafield tag="300" ind1=" " ind2=" ">
    <subfield code="a">510</subfield>
  </datafield>
  <datafield tag="365" ind1=" " ind2=" ">
    <subfield code="c">Rs.</subfield>
    <subfield code="b">1499.00</subfield>
  </datafield>
  <datafield tag="520" ind1=" " ind2=" ">
    <subfield code="a">&#x2022;	TensorFlow - An Introduction
&#x2022;	Introduction
&#x2022;	Installing TensorFlow
&#x2022;	Hello world in TensorFlow
&#x2022;	Understanding the TensorFlow program structure
&#x2022;	Working with constants, variables, and placeholders
&#x2022;	Performing matrix manipulations using TensorFlow
&#x2022;	Using a data flow graph
&#x2022;	Migrating from 0.x to 1.x
&#x2022;	Using XLA to enhance computational performance
&#x2022;	Invoking CPU/GPU devices
&#x2022;	TensorFlow for Deep Learning
&#x2022;	Different Python packages required for DNN-based problems
</subfield>
  </datafield>
  <datafield tag="700" ind1=" " ind2=" ">
    <subfield code="a">Gulli A. &amp; Kapoor A.</subfield>
    <subfield code="9">201019</subfield>
  </datafield>
  <datafield tag="906" ind1=" " ind2=" ">
    <subfield code="d">O:0604319-Aug-2018B:IN27618-Jul-2018</subfield>
    <subfield code="c">COMP</subfield>
    <subfield code="b">299.8</subfield>
  </datafield>
  <datafield tag="942" ind1=" " ind2=" ">
    <subfield code="c">BK</subfield>
  </datafield>
  <datafield tag="999" ind1=" " ind2=" ">
    <subfield code="c">348176</subfield>
    <subfield code="d">348176</subfield>
  </datafield>
  <datafield tag="952" ind1=" " ind2=" ">
    <subfield code="0">0</subfield>
    <subfield code="1">0</subfield>
    <subfield code="4">0</subfield>
    <subfield code="7">0</subfield>
    <subfield code="a">CCEP</subfield>
    <subfield code="b">CCEP</subfield>
    <subfield code="d">2018-08-19</subfield>
    <subfield code="e">Pradeep Book Distributors</subfield>
    <subfield code="f">COMP</subfield>
    <subfield code="g">1199.20</subfield>
    <subfield code="i">IN276</subfield>
    <subfield code="l">3</subfield>
    <subfield code="o">006.31</subfield>
    <subfield code="p">CCEP-BK-59383</subfield>
    <subfield code="r">2024-05-29 00:00:00</subfield>
    <subfield code="s">2024-04-29</subfield>
    <subfield code="t">299.8</subfield>
    <subfield code="v">1499.00</subfield>
    <subfield code="w">2018-07-18</subfield>
    <subfield code="y">BK</subfield>
    <subfield code="z">059383</subfield>
  </datafield>
  <datafield tag="952" ind1=" " ind2=" ">
    <subfield code="0">0</subfield>
    <subfield code="1">0</subfield>
    <subfield code="2">ddc</subfield>
    <subfield code="4">0</subfield>
    <subfield code="7">0</subfield>
    <subfield code="a">CCEP</subfield>
    <subfield code="b">CCEP</subfield>
    <subfield code="d">2023-10-03</subfield>
    <subfield code="e">115</subfield>
    <subfield code="g">2729.22</subfield>
    <subfield code="l">2</subfield>
    <subfield code="o">006.31 GUL</subfield>
    <subfield code="p">CCEP-BK-65446</subfield>
    <subfield code="r">2024-06-26 00:00:00</subfield>
    <subfield code="s">2024-04-22</subfield>
    <subfield code="v">3499.00</subfield>
    <subfield code="w">2023-09-11</subfield>
    <subfield code="y">BK</subfield>
  </datafield>
</record>
